000 00485 a2200169 4500
003 Nust
005 20230331104549.0
040 _cNust
082 _a808.83,CEC
100 _aCycil,Henry
_9111650
245 _aWays and Means /
_cHenry Cecil
260 _aLondon
300 _a182:p
505 _aThe Disagreeable Man (Page-7), Operation Entigement (Page-58), The Gropists (Page-94), Quartet In Three Movements (Page-135).
650 _aNovel
_92525
942 _2ddc
_cBK
_k808.83,CEC
999 _c186831
_d186831